Využitie IKT pri riešení problémov vo vyučovaní

Prieskum využívania nástrojov IKT v súvislosti s problémovými úlohami a konkrétne s prípadovými štúdiami. Preskúmanie možností a podmienok využívania daných nástrojov na stredných školách. Formy e-learningu vo vyučovacom procese; výhody a nevýhody.

Gespeichert in:
Bibliographische Detailangaben
1. Verfasser: Pasiar, Ladislav, 1984-
Format: Buchkapitel
Sprache:Slowakisch
Schlagworte:
Tags: Tag hinzufügen
Keine Tags, Fügen Sie das erste Tag hinzu!

MARC

LEADER 00000naa$a2200000$$$4500
001 0260413
005 20240502083743.7
041 0 |a slo 
044 |a CZ 
245 1 0 |a Využitie IKT pri riešení problémov vo vyučovaní  |c Ladislav Pasiar 
520 |a Prieskum využívania nástrojov IKT v súvislosti s problémovými úlohami a konkrétne s prípadovými štúdiami. Preskúmanie možností a podmienok využívania daných nástrojov na stredných školách. Formy e-learningu vo vyučovacom procese; výhody a nevýhody. 
610 2 0 |a technológie informačné 
610 2 0 |a technológie komunikačné 
610 2 0 |a technológie nové 
610 2 0 |a vyučovanie 
610 2 0 |a vzdelávanie elektronické 
610 2 0 |a učitelia 
610 2 0 |a štúdie prípadové 
100 1 |a Pasiar, Ladislav, 1984-